[Event "Karlstad op"]
[Site "Karlstad"]
[Date "2019.12.29"]
[Round "6"]
[White "Rishovd, Svein"]
[Black "Harren, Mats"]
[Result "1-0"]
[WhiteElo "2156"]
[BlackElo "2107"]
[PlyCount "65"]
[EventDate "2019.12.27"]
[EventType "swiss"]
[EventRounds "8"]
[EventCountry "SWE"]
[SourceTitle "CBM 195 Extra"]
[Source "ChessBase"]
[SourceDate "2020.05.31"]
[SourceVersion "1"]
[SourceVersionDate "2020.05.31"]
[SourceQuality "1"]

1. d4 Nf6 2. c4 c5 3. d5 e6 4. Nc3 exd5 5. cxd5 d6 6. Nf3 g6 7. Bf4 a6 8. a4 Bg7 9. h3 0-0 10. e3 b6 11. Nd2 Ne8 12. Nc4 Ra7 13. Qb3 b5 14. axb5 g5 15. Bh2 f5 16. Be2 Re7 17. 0-0 axb5 18. Nxb5 f4 19. Na7 Rb7 20. Qc2 Bf5 21. Bd3 Bxd3 22. Qxd3 Bxb2 23. Nxb2 Rxb2 24. exf4 gxf4 25. Bxf4 Qf6 26. Ra4 Nd7 27. Nc6 Nb6 28. Bg5 Qxg5 29. Rg4 Qxg4 30. hxg4 c4 31. Ne7+ Kf7 32. Qxh7+ Ng7 33. Nf5 1-0

[Event "Karlstad op"]
[Site "Karlstad"]
[Date "2019.12.28"]
[Round "4"]
[White "Lundin, Jan"]
[Black "Rishovd, Svein"]
[Result "1-0"]
[WhiteElo "2347"]
[BlackElo "2156"]
[PlyCount "117"]
[EventDate "2019.12.27"]
[EventType "swiss"]
[EventRounds "8"]
[EventCountry "SWE"]
[SourceTitle "CBM 195 Extra"]
[Source "ChessBase"]
[SourceDate "2020.05.31"]
[SourceVersion "1"]
[SourceVersionDate "2020.05.31"]
[SourceQuality "1"]

1. d4 d5 2. Bf4 c5 3. e3 cxd4 4. exd4 Nc6 5. c3 Bf5 6. Qb3 Qd7 7. Nf3 f6 8. Be2 g5 9. Bg3 e6 10. Nbd2 Nge7 11. Nf1 h5 12. h3 Bg6 13. Ne3 Nf5 14. Bh2 Nd6 15. Nd2 Be7 16. Qd1 Kf7 17. Nb3 b6 18. Bd3 f5 19. Qe2 Bf6 20. 0-0-0 a5 21. Bxd6 Qxd6 22. a4 Kg7 23. Kb1 Ne7 24. Rhe1 Be8 25. Bb5 Bxb5 26. Qxb5 Qc6 27. Nxf5+ Kf7 28. Nxe7 Qxb5 29. axb5 Bxe7 30. Nd2 g4 31. hxg4 hxg4 32. Nf1 Bg5 33. Ne3 Bxe3 34. fxe3 Rh2 35. Rd2 Rah8 36. Kc2 g3 37. e4 R8h5 38. exd5 Rxd5 39. Re3 Rg5 40. Rde2 Rh6 41. Rf3+ Ke7 42. c4 Rh4 43. Kc3 Rgg4 44. Rfe3 Rxd4 45. Rxe6+ Kf7 46. b3 a4 47. Rxb6 axb3 48. Rc6 Rdf4 49. Kxb3 Rf2 50. Rce6 Rff4 51. Re7+ Kf8 52. Rc7 Rf2 53. Ra2 Re4 54. Ra8+ Re8 55. Rcc8 Rxc8 56. Rxc8+ Ke7 57. b6 Rf1 58. Kc2 Rf2+ 59. Kc3 1-0

[Event "Nordic-ch"]
[Site "Sarpsborg"]
[Date "2019.06.23"]
[Round "4"]
[White "Dragicevic, Drazen"]
[Black "Rishovd, Svein"]
[Result "1-0"]
[WhiteElo "2359"]
[BlackElo "2113"]
[PlyCount "75"]
[EventDate "2019.06.21"]
[EventType "swiss"]
[EventRounds "9"]
[EventCountry "NOR"]
[SourceTitle "CBM 191 Extra"]
[Source "ChessBase"]
[SourceDate "2019.09.30"]
[SourceVersion "1"]
[SourceVersionDate "2019.09.30"]
[SourceQuality "1"]

1. c4 e6 2. g3 d5 3. Bg2 Nf6 4. Nf3 dxc4 5. Qa4+ c6 6. Qxc4 b5 7. Qc2 Bb7 8. 0-0 Nbd7 9. a4 a6 10. d3 Rc8 11. b3 c5 12. axb5 axb5 13. Nc3 Qb6 14. Be3 Be7 15. Qa2 Nd5 16. Nxd5 Bxd5 17. Nd2 Bf6 18. Rac1 Bxg2 19. Kxg2 0-0 20. Ne4 Qb7 21. f3 Be7 22. Ra1 Ra8 23. Qc2 Rfc8 24. Rfc1 f5 25. Ng5 Qd5 26. Nh3 e5 27. b4 Rxa1 28. Rxa1 Nb6 29. Qb1 Na4 30. bxc5 Nc3 31. Qb2 b4 32. Qxb4 Nxe2 33. Ra7 Bxc5 34. Bxc5 Qxc5 35. Qb7 Qf8 36. Ng5 Nd4 37. Qd5+ Kh8 38. Nf7+ 1-0

[Event "Copenhagen Challenge"]
[Site "Ballerup"]
[Date "2019.05.17"]
[Round "4"]
[White "Rishovd, Svein"]
[Black "Heimisson, Hilmir Freyr"]
[Result "0-1"]
[WhiteElo "2105"]
[BlackElo "2311"]
[PlyCount "84"]
[EventDate "2019.05.15"]
[EventType "swiss"]
[EventRounds "9"]
[EventCountry "DEN"]
[SourceTitle "CBM 190 Extra"]
[Source "ChessBase"]
[SourceDate "2019.07.15"]
[SourceVersion "1"]
[SourceVersionDate "2019.07.15"]
[SourceQuality "1"]

1. e4 e5 2. Nf3 Nc6 3. d4 exd4 4. Nxd4 Nf6 5. Nxc6 bxc6 6. Bd3 d5 7. exd5 cxd5 8. 0-0 Be7 9. Bf4 0-0 10. Nc3 Bb7 11. Re1 Re8 12. Nb5 Bc5 13. Rxe8+ Nxe8 14. c3 a6 15. Nd4 Bf8 16. Qc2 g6 17. Re1 c5 18. Nf3 Ng7 19. Bg5 Qd6 20. h3 Re8 21. Rxe8 Nxe8 22. Qa4 Qe6 23. Qd1 Nd6 24. Qe2 Ne4 25. Bxe4 dxe4 26. Nh2 Qxa2 27. Ng4 Qb1+ 28. Kh2 Qd3 29. Nf6+ Kh8 30. Qg4 Bd6+ 31. Bf4 Qd2 32. Bg3 e3 33. Ne4 Bxg3+ 34. Qxg3 Bxe4 35. Qe5+ Kg8 36. Qe8+ Kg7 37. Qe5+ f6 38. Qe7+ Kh6 39. Qf8+ Kh5 40. g4+ Kg5 41. Qxc5+ Kh4 42. Qxe3 Qxe3 0-1

[Event "Kragero op"]
[Site "Kragero"]
[Date "2019.02.24"]
[Round "9"]
[White "Abdrlauf, Elham"]
[Black "Rishovd, Svein"]
[Result "0-1"]
[WhiteElo "2105"]
[BlackElo "2116"]
[PlyCount "86"]
[EventDate "2019.02.20"]
[EventType "swiss"]
[EventRounds "9"]
[EventCountry "NOR"]
[SourceTitle "CBM 189 Extra"]
[Source "ChessBase"]
[SourceDate "2019.06.03"]
[SourceVersion "1"]
[SourceVersionDate "2019.06.03"]
[SourceQuality "1"]

1. e4 e6 2. d4 d5 3. Nc3 Nf6 4. Bg5 dxe4 5. Nxe4 Be7 6. Nxf6+ Bxf6 7. Bxf6 Qxf6 8. Nf3 0-0 9. Bd3 c5 10. 0-0 cxd4 11. Nxd4 Rd8 12. Nb3 b6 13. Qe2 Bb7 14. c3 Nd7 15. Rfd1 Qf4 16. Ba6 Bxa6 17. Qxa6 Qc7 18. Nd4 Ne5 19. Qe2 Ng6 20. a4 a6 21. g3 e5 22. Nf5 Rd7 23. Rxd7 Qxd7 24. Qg4 Rd8 25. h4 f6 26. Kh2 Qc7 27. Rd1 Rxd1 28. Qxd1 Kf8 29. Qd5 a5 30. Qa8+ Kf7 31. Qc8 Qxc8 32. Nd6+ Ke6 33. Nxc8 Kd5 34. Nxb6+ Kc5 35. Nd7+ Kc4 36. h5 Ne7 37. Nf8 Kb3 38. Nxh7 Kxa4 39. Nxf6 gxf6 40. h6 Kb3 41. h7 Ng6 42. Kg2 a4 43. c4 Kxc4 0-1

[Event "Kragero op"]
[Site "Kragero"]
[Date "2019.02.22"]
[Round "5"]
[White "Sebastian, Andreas"]
[Black "Rishovd, Svein"]
[Result "0-1"]
[WhiteElo "1962"]
[BlackElo "2116"]
[PlyCount "32"]
[EventDate "2019.02.20"]
[EventType "swiss"]
[EventRounds "9"]
[EventCountry "NOR"]
[SourceTitle "CBM 189 Extra"]
[Source "ChessBase"]
[SourceDate "2019.06.03"]
[SourceVersion "1"]
[SourceVersionDate "2019.06.03"]
[SourceQuality "1"]

1. d4 d5 2. Nc3 e6 3. Bf4 Nf6 4. e3 Be7 5. Nb5 Na6 6. Nf3 0-0 7. Bd3 c6 8. Nc3 Nb4 9. Be2 c5 10. Ne5 Nc6 11. g4 cxd4 12. exd4 Qb6 13. Nxc6 bxc6 14. Rb1 Ba6 15. Be5 Nd7 16. Bc7 Bxe2 0-1

[Event "Kragero op"]
[Site "Kragero"]
[Date "2019.02.20"]
[Round "1"]
[White "Malakhatko, Vadim"]
[Black "Rishovd, Svein"]
[Result "1-0"]
[WhiteElo "2525"]
[BlackElo "2116"]
[PlyCount "103"]
[EventDate "2019.02.20"]
[EventType "swiss"]
[EventRounds "9"]
[EventCountry "NOR"]
[SourceTitle "CBM 189 Extra"]
[Source "ChessBase"]
[SourceDate "2019.06.03"]
[SourceVersion "1"]
[SourceVersionDate "2019.06.03"]
[SourceQuality "1"]

1. d4 d5 2. c4 e6 3. Nf3 Nf6 4. g3 dxc4 5. Bg2 Bb4+ 6. Nc3 0-0 7. 0-0 c5 8. dxc5 Nc6 9. Qc2 Bxc5 10. Na4 Be7 11. Qxc4 Bd7 12. Nc3 Rc8 13. Rd1 Qa5 14. Qb3 Rfd8 15. Be3 Be8 16. h3 h6 17. Ne1 Qb4 18. Nd3 Qxb3 19. axb3 b6 20. Bxc6 Bxc6 21. Rxa7 Rd7 22. Rda1 Rxa7 23. Rxa7 Nd7 24. b4 b5 25. Bd4 Bd8 26. f3 e5 27. Bf2 f6 28. Kf1 Nb6 29. Ke1 Ra8 30. Nxb5 Bxb5 31. Bxb6 Rxa7 32. Bxa7 Kf7 33. Nf2 Bc7 34. Ne4 f5 35. Nc3 Bc4 36. e4 g6 37. Bc5 Ke6 38. b5 Kd7 39. b6 Bb8 40. h4 h5 41. b4 Kc6 42. Nd1 fxe4 43. fxe4 Bd6 44. Bxd6 Kxd6 45. Nb2 Bb5 46. Kd2 Kc6 47. Nd3 Kxb6 48. Nxe5 Be8 49. Kc3 Kb5 50. Nf3 Bf7 51. Nd4+ Kb6 52. Kd3 1-0

[Event "Konnerud NGP A"]
[Site "Konnerud"]
[Date "2018.12.01"]
[Round "3"]
[White "Rishovd, Svein"]
[Black "Abdrlauf, Elham"]
[Result "1/2-1/2"]
[WhiteElo "2112"]
[BlackElo "2079"]
[PlyCount "326"]
[EventDate "2018.12.01"]
[EventType "swiss"]
[EventRounds "5"]
[EventCountry "NOR"]
[SourceTitle "EXT 2024"]
[Source "ChessBase"]
[SourceDate "2023.10.10"]
[SourceVersion "1"]
[SourceVersionDate "2023.10.10"]
[SourceQuality "1"]

1. d4 Nf6 2. c4 e6 3. Nc3 c5 4. d5 exd5 5. cxd5 d6 6. Bf4 Be7 7. h3 0-0 8. Nf3 Re8 9. e3 Na6 10. Be2 Nc7 11. 0-0 Bf5 12. a4 b6 13. Bh2 Qc8 14. Nd2 Bf8 15. Qb3 Qb7 16. Bc4 a6 17. Rfe1 Bg6 18. e4 Rab8 19. f3 b5 20. axb5 axb5 21. Bf1 c4 22. Qd1 Nd7 23. Ne2 f5 24. Nf4 Bf7 25. Qc2 g5 26. Ne6 Nxe6 27. dxe6 Rxe6 28. exf5 Rxe1 29. Rxe1 h6 30. f4 Bg7 31. fxg5 hxg5 32. Nf3 Bf6 33. Qd2 Qd5 34. Qxd5 Bxd5 35. Bxd6 Rb6 36. Bb4 Bxf3 37. gxf3 Ne5 38. Kg2 Kf7 39. Kg3 Nc6 40. Bc3 Ne7 41. Kg4 Bxc3 42. bxc3 Nd5 43. Kxg5 Nxc3 44. Rc1 Nd5 45. Bxc4 bxc4 46. Rxc4 Rb5 47. Rc6 Rb1 48. f6 Rb5 49. Kg4 Nxf6+ 50. Kg3 Rb3 51. Kf4 Rb4+ 52. Kg3 Nh5+ 53. Kf2 Nf4 54. h4 Ne6 55. Kg3 Kf6 56. Ra6 Rb5 57. Kg4 Rc5 58. Ra4 Rc1 59. Kg3 Rg1+ 60. Kf2 Rg8 61. Ke3 Rc8 62. Kf2 Rc6 63. Kg3 Ng7 64. Kg4 Kg6 65. Rb4 Kh6 66. Ra4 Rg6+ 67. Kh3 Rf6 68. Kg4 Ne8 69. Ra5 Rd6 70. Rh5+ Kg7 71. Rg5+ Kf7 72. Ra5 Rd4+ 73. Kg5 Rd1 74. Ra7+ Ke6 75. Ra5 Nd6 76. Kg4 Rg1+ 77. Kf4 Rb1 78. Kg4 Rb4+ 79. f4 Rb1 80. h5 Rg1+ 81. Kf3 Nf5 82. Ra6+ Kf7 83. Ra7+ Ne7 84. Ra5 Nc6 85. Rg5 Ra1 86. Rc5 Nd4+ 87. Kg3 Kf6 88. Rc4 Nf5+ 89. Kf3 Ra3+ 90. Kf2 Ne3 91. Rc5 Ng4+ 92. Kg2 Ke6 93. Rb5 Ne3+ 94. Kh3 Nf5+ 95. Kg2 Rg3+ 96. Kf2 Rg4 97. Kf3 Rg3+ 98. Kf2 Rh3 99. Re5+ Kf6 100. Ra5 Rxh5 101. Ra6+ Kf7 102. Kf3 Nd4+ 103. Ke4 Ne6 104. Kf3 Rh1 105. Ra4 Kf6 106. Kg4 Rg1+ 107. Kf3 Rc1 108. Kg4 Nc7 109. Rd4 Ke6 110. Ra4 Ne8 111. Ra6+ Nd6 112. Ra4 Nc4 113. Ra6+ Kd5 114. Kg5 Rg1+ 115. Kf6 Rg4 116. f5 Rg1 117. Ra8 Nd6 118. Ra5+ Kc6 119. Ra6+ Kd7 120. Ra7+ Kd8 121. Ke6 Nc8 122. Rd7+ Ke8 123. Rh7 Re1+ 124. Kf6 Ne7 125. Rh8+ Kd7 126. Rh2 Rf1 127. Rd2+ Ke8 128. Ke6 Nxf5 129. Ra2 Ng7+ 130. Ke5 Kf7 131. Ra7+ Kg6 132. Ra2 Re1+ 133. Kd4 Nh5 134. Rf2 Kg5 135. Rf8 Kg4 136. Kd3 Nf4+ 137. Kd2 Re7 138. Kc3 Rd7 139. Kc4 Ng6 140. Rf1 Nf4 141. Kc5 Kf5 142. Kc4 Ke4 143. Re1+ Kf3 144. Re8 Nd3 145. Kc3 Kf4 146. Kc4 Ne5+ 147. Kc3 Ke4 148. Rh8 Rc7+ 149. Kb4 Nf3 150. Kb5 Nd4+ 151. Kb4 Nc6+ 152. Kc5 Ne5+ 153. Kb4 Rc1 154. Kb5 Rc2 155. Kb4 Nc6+ 156. Kb5 Kd5 157. Rh5+ Ne5 158. Kb4 Rc7 159. Kb3 Kd4 160. Rh8 Rc6 161. Rd8+ Ke3 162. Rh8 Nf3 163. Kb4 Ke4 1/2-1/2

[Event "Oslo op"]
[Site "Oslo"]
[Date "2018.10.06"]
[Round "9"]
[White "Rishovd, Svein"]
[Black "Ingebretsen, Jens E"]
[Result "1-0"]
[WhiteElo "2054"]
[BlackElo "2160"]
[PlyCount "137"]
[EventDate "2018.09.30"]
[EventType "swiss"]
[EventRounds "10"]
[EventCountry "NOR"]
[SourceTitle "EXT 2020"]
[Source "ChessBase"]
[SourceDate "2019.10.17"]
[SourceVersion "1"]
[SourceVersionDate "2019.10.17"]
[SourceQuality "1"]

1. d4 d5 2. c4 e6 3. Nc3 Bb4 4. a3 Bxc3+ 5. bxc3 b6 6. cxd5 exd5 7. e3 Nf6 8. Bd3 0-0 9. Ne2 c6 10. 0-0 Re8 11. Ng3 g6 12. c4 Ba6 13. cxd5 Bxd3 14. Qxd3 cxd5 15. f3 Nc6 16. Bd2 h5 17. Rac1 Qd7 18. Rc2 h4 19. Ne2 Re7 20. Qb5 Na5 21. Qxd7 Nxd7 22. Nf4 Nf6 23. Bxa5 bxa5 24. Rc6 g5 25. Rxf6 gxf4 26. Rxf4 Rxe3 27. Rg4+ Kh7 28. Kf2 Rxa3 29. Rxh4+ Kg7 30. Rg4+ Kf6 31. Re1 Rb8 32. Re5 Rb2+ 33. Kg3 Raa2 34. Kh3 a4 35. Rxd5 a3 36. Ra5 Ra1 37. Ra6+ Rb6 38. Rxa7 a2 39. d5 Ke5 40. Rga4 Rb2 41. R7a5 f5 42. f4+ Kd6 43. Rc4 Rb6 44. Rc2 Rf1 45. Rcxa2 Rxf4 46. g3 Re4 47. Rf2 Re5 48. Kg2 Ke7 49. Ra7+ Kf6 50. Rd7 Rb4 51. Rd2 f4 52. Rf2 Rf5 53. g4 Rg5 54. Kf3 Re5 55. Rd6+ Kf7 56. Re6 Rxd5 57. Re4 Rb3+ 58. Kxf4 Rh3 59. Re3 Rh8 60. Kg3+ Kg7 61. h4 Rc8 62. h5 Rc4 63. Re7+ Kg8 64. Ra2 Kf8 65. Rb7 Rc8 66. Raa7 Rdc5 67. h6 Kg8 68. Rg7+ Kh8 69. Rh7+ 1-0

[Event "EU-ch Seniors 50 18th"]
[Site "Drammen"]
[Date "2018.08.05"]
[Round "2"]
[White "Rishovd, Svein"]
[Black "Agdestein, Simen"]
[Result "0-1"]
[WhiteElo "2046"]
[BlackElo "2576"]
[PlyCount "82"]
[EventDate "2018.08.04"]
[EventType "swiss"]
[EventRounds "9"]
[EventCountry "NOR"]
[SourceTitle "CBM 185 Extra"]
[Source "ChessBase"]
[SourceDate "2018.07.29"]
[SourceVersion "1"]
[SourceVersionDate "2018.07.29"]
[SourceQuality "1"]

1. d4 Nf6 2. c4 e6 3. Nc3 Bb4 4. e3 0-0 5. Nf3 c5 6. Bd3 b6 7. Bd2 Ba6 8. a3 Ba5 9. 0-0 d5 10. b4 cxb4 11. Nb5 dxc4 12. Bxc4 Nd5 13. Qb3 Nc6 14. e4 Nc3 15. Nxc3 Bxc4 16. Qxc4 bxc3 17. Bxc3 Rc8 18. Bxa5 Nxa5 19. Qd3 Qc7 20. Rfd1 Rfd8 21. g3 Qc3 22. Kg2 Qxd3 23. Rxd3 Kf8 24. Rb1 Rc2 25. d5 exd5 26. exd5 Nc4 27. Rbb3 Ra2 28. Rd4 Rxa3 29. Rb1 Nd6 30. Ne5 Re8 31. Nc6 b5 32. Rb2 a5 33. Rf4 b4 34. Nd4 Rd3 35. Nf5 Nxf5 36. Rxf5 g6 37. Rf6 Rxd5 38. Rc2 Re6 39. Rc8+ Kg7 40. Rf4 Rb5 41. Rc7 Rf6 0-1

[Event "Oslo Sveins op 11th"]
[Site "Oslo"]
[Date "2018.06.24"]
[Round "5"]
[White "Rishovd, Svein"]
[Black "Kaasen, Tor Fredrik"]
[Result "0-1"]
[WhiteElo "2117"]
[BlackElo "2382"]
[PlyCount "90"]
[EventDate "2018.06.22"]
[EventType "swiss"]
[EventRounds "9"]
[EventCountry "NOR"]
[SourceTitle "CBM 185 Extra"]
[Source "ChessBase"]
[SourceDate "2018.07.29"]
[SourceVersion "1"]
[SourceVersionDate "2018.07.29"]
[SourceQuality "1"]

1. d4 Nf6 2. c4 g6 3. Nf3 Bg7 4. g3 0-0 5. Bg2 d6 6. 0-0 Nbd7 7. Nc3 e5 8. b3 Re8 9. e4 c6 10. Be3 Ng4 11. Bg5 Qa5 12. Bd2 Qc7 13. d5 a5 14. h3 Ngf6 15. Rc1 Nc5 16. Qc2 Bd7 17. Ne1 cxd5 18. cxd5 b5 19. Nd3 Nxd3 20. Qxd3 b4 21. Nb5 Bxb5 22. Qxb5 Qe7 23. Rc6 Reb8 24. Qc4 Nd7 25. Be3 f5 26. f3 Rf8 27. Rc7 Rf7 28. Qc6 Raf8 29. Rc1 h5 30. Qb5 f4 31. gxf4 exf4 32. Bf2 Bc3 33. Qxa5 Qf6 34. R1xc3 bxc3 35. Qxc3 Ne5 36. Rxf7 Rxf7 37. Bd4 Kh7 38. a4 g5 39. Bxe5 dxe5 40. Qc6 Qe7 41. d6 Qa7+ 42. Kh2 g4 43. hxg4 hxg4 44. fxg4 f3 45. d7 fxg2 0-1

[Event "Oslo Sveins op 11th"]
[Site "Oslo"]
[Date "2018.06.23"]
[Round "2"]
[White "Rishovd, Svein"]
[Black "Sriram, Jha"]
[Result "0-1"]
[WhiteElo "2117"]
[BlackElo "2412"]
[PlyCount "94"]
[EventDate "2018.06.22"]
[EventType "swiss"]
[EventRounds "9"]
[EventCountry "NOR"]
[SourceTitle "CBM 185 Extra"]
[Source "ChessBase"]
[SourceDate "2018.07.29"]
[SourceVersion "1"]
[SourceVersionDate "2018.07.29"]
[SourceQuality "1"]

1. d4 Nf6 2. c4 e6 3. Nf3 c5 4. d5 b5 5. dxe6 fxe6 6. cxb5 d5 7. e3 Bd6 8. Nc3 0-0 9. Be2 Bb7 10. 0-0 Nbd7 11. Ng5 Qe7 12. f4 e5 13. Bf3 e4 14. Be2 h6 15. Nh3 d4 16. Bc4+ Kh8 17. Ne2 Nb6 18. b3 d3 19. Ng3 Nxc4 20. bxc4 Qe6 21. Bb2 Qxc4 22. Nf5 Qe6 23. Nxh6 gxh6 24. Qh5 Kg7 25. f5 Qf7 26. Qg4+ Kh7 27. Qh4 Qg7 28. Nf4 Qg5 29. Qxg5 hxg5 30. Ne6 Ng4 31. Nxg5+ Kh6 32. Ne6 Bxh2+ 33. Kh1 Rf7 34. g3 Bd5 35. Rf4 Rg8 36. Rxg4 Rxg4 37. Kxh2 Bxe6 38. fxe6 Rf2+ 39. Kh3 Rg6 40. e7 Kg5 41. g4 Re6 42. Ba3 Rc2 43. Rf1 Rxe7 44. Rf5+ Kg6 45. Rd5 d2 46. Rd6+ Kg5 47. Rd5+ Kf6 0-1

[Event "Copenhagen Challenge"]
[Site "Ballerup"]
[Date "2018.04.26"]
[Round "3"]
[White "Matthiesen, Martin"]
[Black "Rishovd, Svein"]
[Result "1-0"]
[WhiteElo "2330"]
[BlackElo "2110"]
[PlyCount "99"]
[EventDate "2018.04.25"]
[EventType "swiss"]
[EventRounds "9"]
[EventCountry "DEN"]
[SourceTitle "CBM 184 Extra"]
[Source "ChessBase"]
[SourceDate "2018.06.28"]
[SourceVersion "1"]
[SourceVersionDate "2018.06.28"]
[SourceQuality "1"]

1. d4 d5 2. c4 e6 3. Nc3 Bb4 4. e3 Nf6 5. Bd3 0-0 6. Nf3 dxc4 7. Bxc4 b6 8. 0-0 Bb7 9. a3 Bxc3 10. bxc3 c5 11. Bb2 Qc7 12. Qe2 Rc8 13. Bd3 c4 14. Bc2 Qc6 15. Rfe1 Ne4 16. Ne5 Qb5 17. Rab1 f6 18. Qg4 f5 19. Qh5 Nd6 20. a4 Qe8 21. Qxe8+ Nxe8 22. Ba3 Rc7 23. a5 Nd7 24. Nxd7 Rxd7 25. Ba4 Rf7 26. Bxe8 Rxe8 27. axb6 axb6 28. Rxb6 Be4 29. Bc5 Rb7 30. Rd6 Reb8 31. f3 Rb1 32. Rxb1 Rxb1+ 33. Kf2 Bd5 34. h4 g6 35. Kg3 Rb2 36. Kf4 Rb7 37. e4 fxe4 38. fxe4 Rf7+ 39. Ke5 Bb7 40. Rxe6 Kg7 41. Re7 Rxe7+ 42. Bxe7 Kf7 43. Bg5 Bc6 44. d5 Bb7 45. Kd6 Bc8 46. e5 Bf5 47. e6+ Ke8 48. Ke5 Bc2 49. d6 Ba4 50. d7+ 1-0